Jogadores com 2 ou mais títulos Mundiais (LOL) - Statistics

Estatísticas Gerais
  • Esse quiz foi jogado 22 vezes
  • A pontuação média é 6 de 10
Estatísticas das Respostas
Posição Jogador % Correto
MID Faker
100%
SUPPORT Keria
82%
ADC Gumayusi
77%
TOP Zeus
77%
JUNGLE Oner
64%
ADC Bang
45%
SUPPORT Wolf
41%
SUPPORT BeryL
36%
JUNGLE BenGi
32%
TOP Duke
14%
Nenhum quiz correspondente encontrado
Distribuição das Pontuações
Porcentagem de Pessoas com Cada Pontuação
Percentil de Números Respondidos
Sua Pontuação Histórica
Você não jogou esse quiz